[Event "Staufer op-B 30th"]
[Site "Schwaebisch Gmuend"]
[Date "2018.01.02"]
[Round "1"]
[White "Petrashov, Alexander"]
[Black "Redemann, Dietmar"]
[Result "1-0"]
[WhiteElo "1992"]
[BlackElo "1791"]
[PlyCount "55"]
[EventDate "2018.01.02"]
[EventType "swiss"]
[EventRounds "9"]
[EventCountry "GER"]
[SourceTitle "EXT 2019"]
[Source "ChessBase"]
[SourceDate "2018.10.10"]
[SourceVersion "1"]
[SourceVersionDate "2018.10.10"]
[SourceQuality "1"]

1. d4 d5 2. Nf3 Nc6 3. Bf4 Nf6 4. e3 a6 5. c4 Bg4 6. Nc3 e6 7. h3 Bxf3 8. Qxf3 Qd7 9. a3 Be7 10. Bd3 Na5 11. c5 b5 12. 0-0 h6 13. Rfd1 0-0 14. Bc2 Nh7 15. Qg3 Bg5 16. Bxc7 Nc4 17. b3 Rac8 18. bxc4 Rxc7 19. cxb5 axb5 20. Rdb1 Rb7 21. Bd3 Rfb8 22. Rb4 Bd8 23. Rab1 Ba5 24. R4b3 b4 25. axb4 Rxb4 26. Rxb4 Rxb4 27. Rxb4 Bxb4 28. Qb8+ 1-0

[Event "Bad Woerishofen op 31st"]
[Site "Bad Woerishofen"]
[Date "2015.03.03"]
[Round "5"]
[White "Redemann, Dietmar"]
[Black "Walda, Michael"]
[Result "0-1"]
[WhiteElo "1813"]
[BlackElo "1945"]
[PlyCount "32"]
[EventDate "2015.02.27"]
[EventType "swiss"]
[EventRounds "9"]
[EventCountry "GER"]
[SourceTitle "CBM 165 Extra"]
[Source "ChessBase"]
[SourceDate "2015.04.21"]
[SourceVersion "1"]
[SourceVersionDate "2015.04.21"]
[SourceQuality "1"]

1. c4 d5 2. cxd5 Qxd5 3. Nc3 Qd6 4. g3 e5 5. Bg2 Nf6 6. d3 Na6 7. Nf3 Be7 8. 0-0 Bd7 9. Nxe5 Qxe5 10. Bxb7 Rb8 11. Bxa6 Qh5 12. Kg2 Qh3+ 13. Kf3 Ng4 14. Bf4 Nxh2+ 15. Ke3 Nxf1+ 16. Qxf1 Qe6+ 0-1

[Event "Bad Woerishofen op 31st"]
[Site "Bad Woerishofen"]
[Date "2015.03.01"]
[Round "3"]
[White "Redemann, Dietmar"]
[Black "Lindstaedt, Jan"]
[Result "1-0"]
[WhiteElo "1813"]
[BlackElo "1446"]
[PlyCount "43"]
[EventDate "2015.02.27"]
[EventType "swiss"]
[EventRounds "9"]
[EventCountry "GER"]
[SourceTitle "CBM 165 Extra"]
[Source "ChessBase"]
[SourceDate "2015.04.21"]
[SourceVersion "1"]
[SourceVersionDate "2015.04.21"]
[SourceQuality "1"]

1. c4 f5 2. Nc3 e5 3. d4 e4 4. e3 g6 5. Nge2 Nf6 6. b3 Bg7 7. Ba3 d6 8. Nf4 0-0 9. Be2 Na6 10. h4 c6 11. Qd2 Nc7 12. h5 g5 13. h6 Bh8 14. Nh5 a6 15. Bb2 b5 16. cxb5 axb5 17. d5 Ncxd5 18. Nxd5 Nxd5 19. Bxh8 Kxh8 20. Bxb5 cxb5 21. Qxd5 Rb8 22. Qd4+ 1-0

[Event "Bad Woerishofen op 23th"]
[Site "Bad Woerishofen"]
[Date "2007.03.13"]
[Round "6"]
[White "Guggenberger, Guido"]
[Black "Redemann, Dietmar"]
[Result "1-0"]
[WhiteElo "2042"]
[BlackElo "1929"]
[PlyCount "81"]
[EventDate "2007.03.08"]
[EventType "swiss"]
[EventRounds "9"]
[EventCountry "GER"]
[SourceTitle "EXT 2008"]
[Source "ChessBase"]
[SourceDate "2007.11.25"]
[SourceVersion "1"]
[SourceVersionDate "2007.11.25"]
[SourceQuality "1"]

1. d4 Nf6 2. Nf3 g6 3. Nbd2 Bg7 4. e4 d6 5. Bd3 c6 6. 0-0 Qc7 7. Re1 e5 8. c3 0-0 9. a4 h6 10. b3 Bg4 11. h3 Bxf3 12. Nxf3 Re8 13. dxe5 dxe5 14. Ba3 Bf8 15. Bb2 Nbd7 16. b4 c5 17. Qb3 Rad8 18. Bc4 Nb6 19. Bb5 c4 20. Qa2 Re7 21. a5 Nc8 22. Bxc4 Red7 23. Bb5 Re7 24. Ba4 Nd6 25. Nd2 Nh5 26. g3 b5 27. Bb3 Kh7 28. c4 Nxc4 29. Nxc4 bxc4 30. Bxc4 Rd2 31. Rac1 Qd6 32. Qb3 Qf6 33. Rf1 Rb7 34. Bc3 Rd8 35. Bd5 Rbb8 36. Qb2 Qg5 37. Kh2 Nf6 38. f4 Qh5 39. fxe5 Ng4+ 40. Kg1 Nxe5 41. Bxe5 1-0

[Event "Augsburg Afro op"]
[Site "Augsburg"]
[Date "2003.08.09"]
[Round "5"]
[White "Nuber, Blasius"]
[Black "Redemann, Dietmar"]
[Result "1/2-1/2"]
[WhiteElo "1692"]
[BlackElo "1792"]
[PlyCount "34"]
[EventDate "2003.08.06"]
[EventType "swiss"]
[EventRounds "7"]
[EventCountry "GER"]
[SourceTitle "EXT 2006"]
[Source "ChessBase"]
[SourceDate "2005.11.24"]
[SourceVersion "1"]
[SourceVersionDate "2005.11.24"]
[SourceQuality "1"]

1. e4 c5 2. c3 e5 3. Nf3 Nc6 4. d4 cxd4 5. cxd4 exd4 6. Nxd4 Nf6 7. Nxc6 dxc6 8. Qxd8+ Kxd8 9. f3 Be6 10. Bf4 Nh5 11. Bg5+ Be7 12. Bxe7+ Kxe7 13. Nc3 Rhd8 14. g3 Rac8 15. Be2 g6 16. Rd1 Nf6 17. Kf2 Rxd1 1/2-1/2

[Event "Augsburg Afro op"]
[Site "Augsburg"]
[Date "2003.08.08"]
[Round "4"]
[White "Redemann, Dietmar"]
[Black "Gerber, Helmut"]
[Result "1/2-1/2"]
[WhiteElo "1792"]
[BlackElo "1630"]
[PlyCount "39"]
[EventDate "2003.08.06"]
[EventType "swiss"]
[EventRounds "7"]
[EventCountry "GER"]
[SourceTitle "EXT 2006"]
[Source "ChessBase"]
[SourceDate "2005.11.24"]
[SourceVersion "1"]
[SourceVersionDate "2005.11.24"]
[SourceQuality "1"]

1. c4 Nf6 2. Nc3 g6 3. g3 Bg7 4. Bg2 0-0 5. e4 d6 6. Nge2 Nc6 7. d3 Bg4 8. h3 Bd7 9. 0-0 e5 10. Rb1 Rb8 11. Be3 a6 12. Qd2 Nh5 13. g4 Nf6 14. Bg5 Qc8 15. f4 h6 16. fxe5 Nxg4 17. hxg4 hxg5 18. exd6 cxd6 19. Qxg5 Bxg4 20. Bf3 1/2-1/2